| 000 | 00721cam a22002653a 4500 | ||
|---|---|---|---|
| 001 | 23612 | ||
| 003 | PGUSA | ||
| 005 | 20140828083514.0 | ||
| 008 | 071124s2007||||xxu|||||s|||||000 1 eng d | ||
| 040 |
_aPGUSA _beng |
||
| 042 | _adc | ||
| 050 | 4 | _aPS | |
| 100 | 1 |
_aLeinster, Murray, _d1896-1975 |
|
| 245 | 1 | 4 |
_aThe Leader _h[electronic resource] / _cMurray Leinster |
| 260 |
_bProject Gutenberg, _c2007 |
||
| 506 | _aPublic domain in the USA. | ||
| 516 | _aElectronic text | ||
| 653 | _aShort stories | ||
| 653 | _aScience fiction | ||
| 653 | _aParapsychology -- Fiction | ||
| 700 | 1 | _aDongen, H. R. van | |
| 830 | 0 |
_aProject Gutenberg _v23612 |
|
| 856 | 4 | 0 | _uhttp://www.gutenberg.org/ebooks/23612 |
| 942 | _cEB | ||
| 999 |
_c252867 _d252867 |
||